|
|
|
|
| LEADER |
00000nam a22000007i 4500 |
| 001 |
IT\ICCU\BVE\0461504 |
| 003 |
ItRI |
| 005 |
20260115232217.0 |
| 008 |
080321s1994 it |||||| ||||| |||||c |
| 040 |
|
|
|b ita
|c importazione bologna sebina
|
| 041 |
|
7 |
|a ita
|2 ISO-639-2
|
| 245 |
0 |
0 |
|a Babilonia comics.
|
| 260 |
|
|
|a [S. l. :
|b s. n.],
|c ©1994
|
| 300 |
|
|
|a 63 p. :
|b in gran parte ill. ;
|c 20 cm
|
| 500 |
|
|
|a Suppl. a: Babilonia, n. 124.
|
| 942 |
|
|
|2 ddc
|c BK
|n 0
|
| 952 |
|
|
|0 0
|1 0
|4 0
|6 DOC_857_914000000000000_BAB
|7 0
|9 22052
|a BO
|b BO
|d 2026-01-15
|i 13071
|l 0
|o DOC 857.914 BAB
|p BO13071
|r 2026-01-15 23:22:17
|w 2026-01-15
|x [Sebina 7] [1 v. (2. copia)]
|y BK
|z 1 v. (2. copia)
|
| 952 |
|
|
|0 0
|1 0
|4 0
|6 DOC_857_914000000000000_BAB
|7 0
|9 22053
|a BO
|b BO
|d 2026-01-15
|i 12709
|l 0
|o DOC 857.914 BAB
|p BO12709
|r 2026-01-15 23:22:17
|w 2026-01-15
|x [Sebina 7] [1 v.]
|y BK
|z 1 v.
|
| 952 |
|
|
|0 0
|1 0
|4 0
|6 DOC_857_914000000000000_BAB
|7 0
|9 22054
|a BO
|b BO
|d 2026-01-15
|i 13072
|l 0
|o DOC 857.914 BAB
|p BO13072
|r 2026-01-15 23:22:17
|w 2026-01-15
|x [Sebina 7] [1 v. (3. copia)]
|y BK
|z 1 v. (3. copia)
|
| 999 |
|
|
|c 18849
|d 18849
|